| 000 | 00620nam a2200217Ia 4500 | ||
|---|---|---|---|
| 005 | 20240216105522.0 | ||
| 008 | 131103s9999 xx 000 0 und d | ||
| 020 |
_a340176318 _c2.10 pds |
||
| 040 | _aLoreto College | ||
| 041 | _aEnglish | ||
| 082 |
_a361.4 _bBUT |
||
| 100 | _aButton,Leslie | ||
| 245 |
_aDevelopmental group work with adolescents _cLeslie Button |
||
| 260 |
_aLondon _bUniversity of London Press _cc 1974 |
||
| 300 |
_axiv,208 p. _b illus.,fig. |
||
| 504 | _aIncludes bibliographical references and index | ||
| 650 | _aSocial Problems | ||
| 651 | _aGroup Work | ||
| 850 | _aLCLIB | ||
| 942 | _cBK | ||
| 999 |
_c12457 _d62936 |
||